Obras y proyectos / (Record no. 133059)

MARC details
000 -LEADER
campo de control de longitud fija 00901nam a2200253 4500
001 - NÚMERO DE CONTROL
campo de control 133059
003 - IDENTIFICADOR DE NÚMERO DE CONTROL
campo de control ES-MaACL
005 - FECHA Y HORA DE LA ÚLTIMA TRANSACCIÓN
campo de control 20251010184918.0
007 - CAMPO FIJO DE DESCRIPCIÓN FÍSICA--INFORMACIÓN GENERAL
campo de control de longitud fija t|
008 - DATOS DE LONGITUD FIJA--INFORMACIÓN GENERAL
campo de control de longitud fija 070214s1986 sp r ||||1| spa d
020 ## - NÚMERO INTERNACIONAL ESTÁNDAR DEL LIBRO
Número Internacional Estándar del Libro 84-252-1271-5
100 1# - ENTRADA PRINCIPAL--NOMBRE DE PERSONA
Nombre de persona Rossi, Aldo.
9 (RLIN) 99859
245 10 - MENCIÓN DEL TÍTULO
Título Obras y proyectos /
Mención de responsabilidad, etc. Aldo Rossi ; editores Peter Arnell, Ted Bickford ; introducción de Vicent Scully ; epílogo de Rafael Moneo ; textos de los proyectos de Mason Andrews ; versión castellana de Juan José Lahuerta.
260 ## - PUBLICACIÓN, DISTRIBUCIÓN, ETC.
Lugar de publicación, distribución, etc. Barcelona :
Nombre del editor, distribuidor, etc. Gustavo Gili,
Fecha de publicación, distribución, etc. 1986.
300 ## - DESCRIPCIÓN FÍSICA
Extensión 319 p. :
Otras características físicas il. ;
Dimensiones 29 cm.
700 1# - ENTRADA AGREGADA--NOMBRE PERSONAL
Nombre de persona Arnell, Peter.
9 (RLIN) 23086
700 1# - ENTRADA AGREGADA--NOMBRE PERSONAL
Nombre de persona Bickford, Ted.
9 (RLIN) 28783
700 1# - ENTRADA AGREGADA--NOMBRE PERSONAL
Nombre de persona Scully, Vicent.
9 (RLIN) 104974
700 1# - ENTRADA AGREGADA--NOMBRE PERSONAL
Nombre de persona Moneo, Rafael,
Fechas asociadas al nombre 1937-
9 (RLIN) 82165
700 1# - ENTRADA AGREGADA--NOMBRE PERSONAL
Nombre de persona Andrews, Mason.
9 (RLIN) 21666
700 1# - ENTRADA AGREGADA--NOMBRE PERSONAL
Nombre de persona Lahuerta, Juan José.
9 (RLIN) 69660
852 ## - LOCALIZACIÓN
Ubicación ES-MaACL
Número de control de estantería L-10549
Holdings
Estatus retirado Estado de pérdida Estado de daño No para préstamo Biblioteca de origen Biblioteca actual Ubicación en estantería Fecha de adquisición Fuente de adquisición Total de préstamos Signatura topográfica completa Código de barras Visto por última vez Precio de reemplazo Tipo de ítem Koha
        Biblioteca del Ateneo de Madrid Biblioteca del Ateneo de Madrid Depósito 2 17/01/2008     L-10549 1138523 23/02/2023 23/02/2023 Libro impreso